| 000 | 00995cam a2200217 4500 | ||
|---|---|---|---|
| 001 | WB3724-41 | ||
| 008 | 000000n2001 000 0 eng u | ||
| 035 | _a(Sirsi) u113167 | ||
| 245 | 4 | _aThe price of knowledge | |
| 260 | _c2001 | ||
| 490 |
_aEstates Gazette _v(0124) 16 June 2001, 160(1) |
||
| 520 | _aLooks at the problems surrounding non-retained agents. Describes the case of "Lady Manor Ltd v Fat Cat Cafe Bars" (West London County Court, Abs64439) and its implications. The key message from this judgment is that an un-retained agent who sends a 'cold mail' letter cannot expect a fee for the information provided in that letter. However, notes that an offer to provide further information at a price could result in a fee. | ||
| 590 | _aWB | ||
| 650 | _aLADY MANOR LTD V FAT CAT CAFE BARS | ||
| 650 | _aNON-RETAINED AGENTS | ||
| 650 | _aFEES | ||
| 650 | _aINFORMATION PROVISION | ||
| 650 | _aESTATE AGENTS | ||
| 690 | _aPROPERTY AND LAND LAW-AGENCY-CASE LAW | ||
| 942 | _n0 | ||
| 999 |
_c67389 _d67389 |
||